Cartomatic (Record no. 13304)

000 -LEADER
fixed length control field 00472nam a22001577a 4500
082 ## - DEWEY DECIMAL CLASSIFICATION NUMBER
Classification number BEE-3 AAZ
100 ## - MAIN ENTRY--PERSONAL NAME
Personal name Syed Muhammad Aazem
9 (RLIN) 92860
245 ## - TITLE STATEMENT
Title Cartomatic
260 ## - PUBLICATION, DISTRIBUTION, ETC.
Place of publication, distribution, etc. Islamabad
Name of publisher, distributor, etc. NUST-SEECS
Date of publication, distribution, etc. 2015
300 ## - PHYSICAL DESCRIPTION
Extent 41p.
Accompanying material Softcopy Present
500 ## - GENERAL NOTE
General note Supervisors: Dr. Salman Abdul Ghafoor, Dr. Ahmed Salman
700 ## - ADDED ENTRY--PERSONAL NAME
Personal name Abdullah Abeer
9 (RLIN) 92861
700 ## - ADDED ENTRY--PERSONAL NAME
Personal name Ahsan Javed
9 (RLIN) 92862
856 ## - ELECTRONIC LOCATION AND ACCESS
Uniform Resource Identifier <a href=" http://10.250.8.41:8080/xmlui/handle/123456789/9272"> http://10.250.8.41:8080/xmlui/handle/123456789/9272</a>
942 ## - ADDED ENTRY ELEMENTS (KOHA)
Koha item type Project Report
Source of classification or shelving scheme
Holdings
Withdrawn status Lost status Damaged status Not for loan Collection code Permanent Location Current Location Shelving location Date acquired Total Checkouts Full call number Barcode Date last seen Date last checked out Price effective from Koha item type
WITHDRAWN         Central Library (CL) Central Library (CL) General Stacks 07/28/2015 1 BEE-3 AAZ SEECSP01706 09/21/2015 09/02/2015 07/26/2015 Project Report
© 2023 Central Library, National University of Sciences and Technology. All Rights Reserved.